Анализ сигналов вибрации двигателя внутреннего сгорания; Научная инициатива иностранных студентов и аспирантов российских вузов; Т. 1

Xehetasun bibliografikoak
Parent link:Научная инициатива иностранных студентов и аспирантов российских вузов: сборник докладов VII Всероссийской научно-практической конференции, Томск, 23-25 апреля 2014 г./ Ассоциация иностранных студентов в России (АИС); Национальный исследовательский Томский политехнический университет (ТПУ), Институт международного образования и языковой коммуникации (ИМОЯК).— , 2014
Т. 1.— 2014.— [С. 241-246]
Egile nagusia: Ле Ван Туан
Erakunde egilea: Национальный исследовательский Томский политехнический университет (ТПУ) Институт кибернетики (ИК) Кафедра автоматики и компьютерных систем (АИКС)
Beste egile batzuk: Казьмин В. П. Виктор Павлович (научный руководитель)
Gaia:Заглавие с титульного экрана
Hizkuntza:errusiera
Argitaratua: 2014
Gaiak:
Sarrera elektronikoa:http://www.lib.tpu.ru/fulltext/c/2014/C19/V1/047.pdf
Formatua: Baliabide elektronikoa Liburu kapitulua
KOHA link:https://koha.lib.tpu.ru/cgi-bin/koha/opac-detail.pl?biblionumber=611219

MARC

LEADER 00000naa2a2200000 4500
001 611219
005 20231101132639.0
035 |a (RuTPU)RU\TPU\conf\8955 
035 |a RU\TPU\conf\8954 
090 |a 611219 
100 |a 20150228d2014 k y0rusy50 ca 
101 0 |a rus 
102 |a RU 
105 |a y z 101zy 
135 |a drcn ---uucaa 
181 0 |a i  
182 0 |a b 
200 1 |a Анализ сигналов вибрации двигателя внутреннего сгорания  |f Ле Ван Туан  |g науч. рук. В. П. Казьмин 
203 |a Текст  |c электронный 
230 |a 1 компьютерный файл (pdf; 667 Кb) 
300 |a Заглавие с титульного экрана 
320 |a [Библиогр.: с. 245-246 (6 назв.)] 
337 |a Adobe Reader 
461 1 |0 (RuTPU)RU\TPU\conf\8104  |t Научная инициатива иностранных студентов и аспирантов российских вузов  |o сборник докладов VII Всероссийской научно-практической конференции, Томск, 23-25 апреля 2014 г.  |f Ассоциация иностранных студентов в России (АИС); Национальный исследовательский Томский политехнический университет (ТПУ), Институт международного образования и языковой коммуникации (ИМОЯК)  |o в 3 т.  |d 2014 
463 1 |0 (RuTPU)RU\TPU\conf\8105  |t Т. 1  |v [С. 241-246]  |d 2014 
610 1 |a труды учёных ТПУ 
610 1 |a электронный ресурс 
610 1 |a вибрация 
610 1 |a двигатели внутреннего сгорания 
610 1 |a диагностика 
610 1 |a коленчатый вал 
610 1 |a Honda 
700 0 |a Ле Ван Туан 
702 1 |a Казьмин  |b В. П.  |c специалист в области информатики и вычислительной техники  |c доцент Томского политехнического университета  |f 1943-  |g Виктор Павлович  |2 stltpush  |4 727 
712 0 2 |a Национальный исследовательский Томский политехнический университет (ТПУ)  |b Институт кибернетики (ИК)  |b Кафедра автоматики и компьютерных систем (АИКС)  |h 125  |2 stltpush  |3 (RuTPU)RU\TPU\col\18698 
801 2 |a RU  |b 63413507  |c 20150228  |g RCR 
856 4 |u http://www.lib.tpu.ru/fulltext/c/2014/C19/V1/047.pdf 
942 |c BK